| 000 | 00848nam a2200217 a 4500 | ||
|---|---|---|---|
| 005 | 20250701063840.0 | ||
| 008 | 991125s1997 mx 000 0 spa u | ||
| 035 | _aUPN01000021867 | ||
| 049 | _aTES | ||
| 099 | _a13744 | ||
| 100 | 1 | _aVarela Montes, Graciela | |
| 245 | 1 | 0 |
_aEstrategias didácticas para favorecer la comprensión de problemas por el mal uso del agua en los alumnos de sexto grado / _cGraciela Varela Montes. |
| 260 |
_aChihuahua : _bG. Varela Montes, _c1997. |
||
| 300 | _a65, [5] h. | ||
| 500 | _a"Unidad 081" | ||
| 502 | _aPropuesta pedagógica (Lic. en Educación Primaria) -- Universidad Pedagógica Nacional, 1997 | ||
| 650 | 2 |
_aAgua _xConservación _91024 |
|
| 650 | 4 |
_aEducación ambiental _xEstudio y enseñanza (Elemental) _99202 |
|
| 710 | 2 |
_aUniversidad Pedagógica Nacional (México). _bUnidad 081 |
|
| 905 | _aTesis | ||
| 999 |
_c21867 _d21867 |
||